000
00335nam a22001577a 4500
003
SGT
020
_a
9788131767160
082
_a
658.8,KOT
100
_a
KOTLER,P
245
_a
MARKETING MANAGEMENT
250
_a
14TH
260
_a
NEW DELHI
_b
PERSAN
_c
2013
300
_a
V.P.
650
_a
MARKETING MANAGEMENT
942
_2
ddc
_c
BK
_0
1
999
_c
11255
_d
11255